Simulation using promodel / (Record no. 346423)

000 -LEADER
fixed length control field 00866 a2200241 4500
020 ## - INTERNATIONAL STANDARD BOOK NUMBER
International Standard Book Number 0072341440
020 ## - INTERNATIONAL STANDARD BOOK NUMBER
International Standard Book Number 9780072341447
082 04 - DEWEY DECIMAL CLASSIFICATION NUMBER
Classification number 005.369
090 ## - LOCALLY ASSIGNED LC-TYPE CALL NUMBER (OCLC); LOCAL CALL NUMBER (RLIN)
-- 3963
-- 3963
100 1# - MAIN ENTRY--PERSONAL NAME
Personal name Harrell, Charles.
245 10 - TITLE STATEMENT
Title Simulation using promodel /
Statement of responsibility, etc. Charles Harrell.
250 ## - EDITION STATEMENT
Edition statement 3rd Ed ed.
260 ## - PUBLICATION, DISTRIBUTION, ETC.
Place of publication, distribution, etc. [S.l.] :
Name of publisher, distributor, etc. McGraw-Hill Education,
Date of publication, distribution, etc. 2000.
300 ## - PHYSICAL DESCRIPTION
Extent 6 p. ;
Dimensions 25 cm.
490 1# - SERIES STATEMENT
Series statement Mcgraw-hill series in industrial engineering and management science.
500 ## - GENERAL NOTE
General note Hardcover.
700 1# - ADDED ENTRY--PERSONAL NAME
Personal name Ghosh, Birman K.
700 1# - ADDED ENTRY--PERSONAL NAME
Personal name Bowden, Royce.
830 #0 - SERIES ADDED ENTRY--UNIFORM TITLE
Uniform title Mcgraw-hill series in industrial engineering and management science.
856 40 - ELECTRONIC LOCATION AND ACCESS
Materials specified Amazon.com
Uniform Resource Identifier <a href="http://www.amazon.com/exec/obidos/ASIN/0072341440/chopaconline-20">http://www.amazon.com/exec/obidos/ASIN/0072341440/chopaconline-20</a>
856 40 - ELECTRONIC LOCATION AND ACCESS
Materials specified Amazon customer reviews
Uniform Resource Identifier <a href="http://www.chopac.org/cgi-bin/tools/azrev.pl?q=0072341440">http://www.chopac.org/cgi-bin/tools/azrev.pl?q=0072341440</a>
942 ## - ADDED ENTRY ELEMENTS (KOHA)
Institution code [OBSOLETE] NBS
Koha item type Book
Call number prefix 005.369 HAR
Holdings
Withdrawn status Lost status Damaged status Not for loan Permanent Location Current Location Shelving location Date acquired Total Checkouts Full call number Barcode Date last seen Date last checked out Price effective from Koha item type
        Central Library (CL) Central Library (CL) First Floor - Software Engineering/ Programming Language 08/28/2013 1 005.369 HAR NBS5296 11/22/2017 07/20/2017 08/28/2013 Book
© 2023 Central Library, National University of Sciences and Technology. All Rights Reserved.